Sports Quiz

Random Sports Quiz

Itailian Serie A teams 10/11 Quiz Stats

 Plays Quiz not verified by Sporcle

Score 0/20 Timer 07:00
0 Plays Today
Captain Club % Correct
Javier ZanettiInter Milan
100%
Alessandro Del PieroJuventus
100%
Massiomo AmbrosiniA.C Milan
100%
Marco Di ViaoBologna
92.3%
Riccardo MontoilvoFiorentina
92.3%
Tommaso RochiLazio
92.3%
Marek HamsikNapoli
92.3%
Fabrizio MiccoliPalermo
87.2%
Roma
87.2%
Jean-Francois Gillet (GK)Bari
84.6%
Captain Club % Correct
Angelo PalomboSampdoria
84.6%
Antonio Di NataleUdinese
84.6%
Marco RossiGenoa
82.1%
Sergio PellisierChievo
76.9%
Daniele ContiCagliari
71.8%
Guillermo GiacomazziLecce
71.8%
Stefano MorroneParma
71.8%
Davide Possanzini Brescia
64.1%
Alessandro PotenzaCatania
64.1%
Giuseppe ColluciCesena
53.8%

You're not logged in!

Compare scores with friends on all Sporcle quizzes.
OR
Log In

Show Comments

Extras

Created Nov 5, 2010SourceReportNominate
Tags:captain, club, serie, team

Top Quizzes Today


Score Distribution

Your Account Isn't Verified!

In order to create a playlist on Sporcle, you need to verify the email address you used during registration. Go to your Sporcle Settings to finish the process.

Report this User

Report this user for behavior that violates our Community Guidelines.

Details: